000 00474nmm a2200157Ia 4500
008 251105s9999||||xx |||||||||||||||||und||
020 _a9789560107817
041 _aspa
100 _aHernández Montecinos, Héctor
245 0 _aOIIII: arquitectura de la Mentalidad
264 _a[Santiago de Chile, Chile] :
_bRil editores,
_c2020
300 _a518 páginas
650 _aLatin American poetry
856 _uhttps://public.digitaliapublishing.com/a/65562
942 _cCF
999 _c94073
_d94073